Normal view
MARC view
- United States
Entry Geographic Name
001 - CONTROL NUMBER
- control field: 108936
003 - CONTROL NUMBER IDENTIFIER
- control field: NUST
005 - DATE AND TIME OF LATEST TRANSACTION
- control field: 20230213102910.0
008 - FIXED-LENGTH DATA ELEMENTS
- fixed length control field: 230213|| aca||aabn | a|a d
040 ## - CATALOGING SOURCE
- Original cataloging agency: NUST
- Transcribing agency: NUST
151 ## - HEADING--GEOGRAPHIC NAME
- Geographic name: United States
- General subdivision: Officials and employees
- Form subdivision: Interviews
670 ## - SOURCE DATA FOUND
- Source citation: Work cat.: (NUST)0: Woodward, Bob, 1943- 108932, Bush at war /, c2002.
